000 00305nam a2200109 4500
999 _c9788
_d9788
008 180717b ||||| |||| 00| 0 eng d
245 _aFilipinos becoming savvy: survey.
260 _aDavao City
_bSun Star Davao
_cc2017
300 _apage 7.
650 0 _928996
_aTechnological innovations.
942 _2ddc
_cPER